书目信息 |
| 题名: |
c语言程序设计实验与习题指导
|
|
| 作者: | 孙淑霞 编著 | |
| 分册: | ||
| 出版信息: | 北京 电子工业出版社 2003.01 |
|
| 页数: | 208页 | |
| 开本: | 26cm | |
| 丛书名: | ||
| 单 册: | ||
| 中图分类: | TP312 | |
| 科图分类: | ||
| 主题词: | 软件 | |
| 电子资源: | ||
| ISBN: | 7-5053-8197-0 | |
| 000 | 00574nam0 2200193 45 | |
| 001 | 0456163748 | |
| 005 | 20070628095202.42 | |
| 010 | @a7-5053-8197-0@d18.00CNY | |
| 100 | @a20040920d2003 km y0chiy0120 ea | |
| 101 | 0 | @achi |
| 102 | @aCN@b110000 | |
| 200 | 1 | @ac语言程序设计实验与习题指导@Ac Yu Yan Cheng Xu She Ji Shi Yan Yu Xi Ti Zhi Dao@f孙淑霞等编著@FSun Shu Xia Deng Bian Zhu |
| 210 | @a北京@c电子工业出版社@d2003.01 | |
| 215 | @a208页@d26cm | |
| 606 | 0 | @a软件 |
| 690 | @aTP312@v3 | |
| 701 | 0 | @a孙淑霞@ASun Shu Xia@4编著 |
| 801 | 0 | @aCN@c20070628 |
| 905 | @dTP312@eS947 | |
| c语言程序设计实验与习题指导/孙淑霞等编著.-北京:电子工业出版社,2003.01 |
| 208页;26cm |
| ISBN 7-5053-8197-0:18.00CNY |
| ● |
| 相关链接 |
|
|
|
正题名:c语言程序设计实验与习题指导
索取号:TP312/S947
 
预约/预借
| 序号 | 登录号 | 条形码 | 馆藏地/架位号 | 状态 | 备注 |
| 1 | 394829 | 203948292 | 自科二线404/404自科库 12排3列2层/ [索取号:TP312/S947] | 在馆 | |
| 2 | 394830 | 203948309 | 自科二线504/504自科库 4排1列1层/ [索取号:TP312/S947] | 在馆 | |
| 3 | 394831 | 203948318 | 自科二线504/504自科库 4排1列1层/ [索取号:TP312/S947] | 在馆 | |
| 4 | 450189 | 204501896 | 自科二线504/504自科库 4排1列1层/ [索取号:TP312/S947] | 在馆 | |
| 5 | 450190 | 204501903 | 自科二线504/504自科库 4排1列1层/ [索取号:TP312/S947] | 在馆 | |
| 6 | 450191 | 204501912 | 自科二线504/504自科库 4排3列3层/ [索取号:TP312/S947] | 在馆 | |
| 7 | 450192 | 204501921 | 期刊室512/301自科库 46排1列5层/ [索取号:TP312/S947] | 在馆 | |
| 8 | 450193 | 204501930 | 期刊室512/301自科库 46排1列5层/ [索取号:TP312/S947] | 在馆 |